De quelle ville est originaire ce groupe - Statistiques

Statistiques générales
  • Ce quiz a été pris 23 fois
  • Le résultat moyen est 4 sur 15
Statistiques - réponses
Hint Réponse % Correct
Bigflo et Oli Toulouse
95%
IAM Marseille
76%
Noir Désir Bordeaux
52%
Matmatah Brest
48%
Dub Inc Saint-Etienne
24%
Soldat Louis Lorient
19%
C2C Nantes
19%
Cookie Dingler Strasbourg
19%
Air Versailles
19%
Niagara Rennes
14%
Dionysos Tours
14%
Le Peuple de l'Herbe Lyon
10%
Louise Attaque Paris
10%
Cocoon Clermont-Ferrand
5%
Sinsemilia Grenoble
5%
Aucun quiz correspondant
Distribution des résultats
% des personnes avec chaque résultat
Percentile par nombre de réponses
Votre historique - résultats
Vous n’avez pas pris ce quiz